000
00334 a2200157 4500
001
180842
020
_a
040
_c
Magnum
100
_a
Borges, Irma Maria Anselma
240
1
0
_a
Oracao do seculo xx
_l
por
245
1
0
_a
Oracao do seculo xx
362
0
_a
1899
440
1
_a
Loyola
697
_a
MAGNITO: RELIGIAO
942
_c
BK
999
_c
180842
_d
180842